Genshin: Zahlenquiz (Patch 5.8 Ende Natlan) - Statistiken

Allgemein
  • Dieses Quiz wurde 8 mal gespielt
  • Das Durchschnittsergebnis liegt bei 3 aus 10
Antwortstatistiken
Frage Antwort % Korrekt
Wie viele Teleporter gibt es insgesamt? (inkl. Enkanomiya, Große Kluft, Meer der alten Tage und Uralter Heiliger Berg) 560
50%
Wie viel Mora kostet es eine Figur zu triple-crownen? (3x Talente von Lvl. 1 auf 10) 4.158.254 Mora
38%
Wie viele fangbare Fische zum Angeln gibt es aktuell? 45
38%
Von wie vielen verschiedenen Figuren gibt es Legendenaufträge (Figuren-Storys) oder Stammesaufträge? 55
38%
Wie viel Brocken weißes Eisen kostet es, wenn man jede schmiedbare Waffe 1x herstellt? 1.500 Erz
25%
Wie viele verschiedene 5-Sterne Artefakt-Sets gibt es bisher? 38
25%
Wie viele Oculi gibt es insgesamt aktuell in allen Regionen? (Anemoculus, Geoculus, Electroculus, Dendroculus, Hydroculus, Pyroculus) 1.112
13%
Wie viele erlernbare Rezepte gibt es bisher? (ohne Event-exklusive Rezepte) 200
13%
Wie viele verschiedene Waffen gibt es bisher? (1-Sterne bis 5-Sterne) 212
13%
Wie viele Schauspielertricks (Foto-Posen) gibt es aktuell beim Theater? 58
0%
Keine übereinstimmenden Quizze gefunden
Verteilung der Resultate
Anzahl Personen mit jedem Resultat
Perzentil nach korrekt beantworteten Fragen
Ihre Resultats-Entwicklung
Sie haben dieses Quiz noch nicht gespielt